Statistics for Manchester United Opponents In UEFA Champions League

Click here to take the quiz!

General Stats

  • This quiz has been taken 629 times
    (309 since last reset)
  • The average score is 45 of 75

Answer Stats

TeamCountryGWDLLast% Correct
Bayern MunichGermany132562024
99%
FC BarcelonaSpain101452019
99%
Real MadridSpain102442013
99%
JuventusItaly105142019
98%
AC MilanItaly105052010
97%
SL BenficaPortugal118212018
97%
PortoPortugal62312009
95%
Inter MilanItaly42202009
94%
Paris Saint-GermainFrance42022021
94%
Borussia DortmundGermany41121997
92%
Atletico MadridSpain20112022
91%
LyonFrance42202008
89%
GalatasarayTurkey62222024
88%
AS RomaItaly64112008
87%
PSV EindhovenNetherlands41122016
87%
Valencia CFSpain82512019
87%
CelticScotland42112009
86%
MarseilleFrance42112011
85%
Sporting CPPortugal22002008
85%
VillarrealSpain62402022
84%
RangersScotland43102011
83%
OlympiacosGreece65012014
80%
Sevilla FCSpain20112018
80%
ChelseaEngland32102011
79%
CSKA MoscowRussia64202018
78%
BSC Young BoysSwitzerland42112022
77%
FC BaselSwitzerland62222018
76%
ArsenalEngland22002009
73%
Bayer LeverkusenGermany64202014
73%
AS MonacoFrance20201998
70%
Schalke 04Germany22002011
70%
CopenhagenDenmark42022024
69%
Dynamo KyivUkraine43102008
68%
Lille OSCFrance63212007
68%
BesiktasTurkey21012010
66%
AnderlechtBelgium42022001
64%
Deportivo La CorunaSpain63032003
64%
FeyenoordNetherlands22001998
64%
WolfsburgGermany43012016
63%
AtalantaItaly21102022
62%
FenerbahçeTurkey42022005
60%
Rapid WienAustria43101997
59%
Sporting BragaPortugal22002013
59%
Athletic BilbaoSpain21011958
58%
Real SociedadSpain21102014
55%
Shakhtar DonetskUkraine21102014
55%
FiorentinaItaly21012000
54%
PanathinaikosGreece43102004
53%
Dinamo ZagrebCroatia21102000
52%
Maccabi HaïfaIsrael21012003
51%
BordeauxFrance22002000
50%
Red StarSerbia21101958
50%
Sparta PragueCzechia21102005
49%
İstanbul BaşakşehirTurkey21012021
47%
RB LeipzigGermany21012021
42%
FC NantesFrance21102002
39%
StuttgartGermany21012004
39%
BoavistaPortugal22002002
37%
CFR ClujRomania21012013
37%
BrondbyDenmark22001999
36%
FK PartizanSerbia21011966
34%
Sturm GrazAustria44002001
33%
HJK HelsinkiFinland22001966
31%
IFK GöteborgSweden21011995
30%
AalborgDenmark21102009
26%
BursasporTurkey22002011
26%
FK SarajevoBosnia21101968
23%
Vorwärts BerlinEast Germany22001966
23%
Shamrock RoversIreland22001958
22%
Otelul GalatiRomania22002012
16%
KosiceSlovakia22001998
10%
Dukla PragueCzechia21011958
9%
Gornik ZabrzePoland21011968
7%
HiberniansMalta21101968
6%
Waterford UnitedIreland22001969
3%

Score Distribution

Percentile by Number Answered

Percent of People with Each Score

Your Score History

You have not taken this quiz since the last reset